Người lính với bầu trời Hà Nội Hồi ký

Nội dung được chia làm 6 chương. Ch.1: Quê hương, gia đình và thời niên thiếu; Ch.2: Nhập ngũ và tham gia chiến đấu chống chiến tranh phá hoại lần thứ nhất của không quân Mỹ, bảo vệ Hà Nội (1967 - 1971); Ch.3: Tham gia chiến đấu chống chiến tra...

Cur síos iomlán

Đã lưu trong:
Sonraí Bibleagrafaíochta
Príomhúdar: Nguyễn, Đình Kiên
Formáid: Leabhar
Teanga:Undetermined
Foilsithe: H. Quân đội nhân dân 2012
Ábhair:
Rochtain Ar Líne:http://lrc.tdmu.edu.vn/opac/search/detail.asp?aID=2&ID=20432
Clibeanna: Cuir Clib Leis
Gan Chlibeanna, Bí ar an gcéad duine leis an taifead seo a chlibeáil!
Thư viện lưu trữ: Trung tâm Học liệu Trường Đại học Thủ Dầu Một
LEADER 01150nam a2200217Ia 4500
001 TDMU_20432
008 210410s9999 xx 000 0 und d
082 |a 895.922803 
090 |b NG527 
100 |a Nguyễn, Đình Kiên 
245 0 |a Người lính với bầu trời Hà Nội 
245 0 |b Hồi ký 
245 0 |c Nguyễn Đình Kiên 
260 |a H. 
260 |b Quân đội nhân dân 
260 |c 2012 
300 |a 322tr. 
520 |a Nội dung được chia làm 6 chương. Ch.1: Quê hương, gia đình và thời niên thiếu; Ch.2: Nhập ngũ và tham gia chiến đấu chống chiến tranh phá hoại lần thứ nhất của không quân Mỹ, bảo vệ Hà Nội (1967 - 1971); Ch.3: Tham gia chiến đấu chống chiến tranh phá hoại lần thứ hai của không quân Mỹ, bảo vệ Hà Nội (năm 1972)... 
650 |a Văn học Việt Nam  |v Hồi ký 
856 |u http://lrc.tdmu.edu.vn/opac/search/detail.asp?aID=2&ID=20432 
980 |a Trung tâm Học liệu Trường Đại học Thủ Dầu Một